|
|
|
|
| LEADER |
00771nab a2200193 i 4500 |
| 001 |
acta24349 |
| 005 |
20210601102532.0 |
| 008 |
161017s1988 hu o 0|| eng d |
| 022 |
|
|
|a 0001-6721
|
| 040 |
|
|
|a SZTE Egyetemi Kiadványok Repozitórium
|b hun
|
| 041 |
|
|
|a eng
|
| 100 |
1 |
|
|a Scholl H.
|
| 245 |
1 |
0 |
|a Electrodic processes of 2,2,4,4-tetramethylpentane derivatives of stationary solid electrodes 2.
|h [elektronikus dokumentum] :
|b Voltammetry of 3,3' dibromo - 2,2,4,4 - tetramethylpentane in dmf /
|c Scholl H.
|
| 260 |
|
|
|c 1988
|
| 300 |
|
|
|a 83-98
|
| 490 |
0 |
|
|a Acta physica et chemica
|v 34 No. 1-4
|
| 695 |
|
|
|a Természettudomány, Fizika, Kémia
|
| 700 |
0 |
1 |
|a Krzyczmonik P.
|e aut
|
| 856 |
4 |
0 |
|u http://acta.bibl.u-szeged.hu/24349/1/phys_chem_034_083-098.pdf
|z Dokumentum-elérés
|